Test obratu postoje diváka vlivem právě shlédnuté reklamy

Charakteristika pojmu reklama. Metódy obratu postoja poučnými a rušivými reklamami. Meranie pocitov postojov k reklamným kampaniam.

Enregistré dans:
Détails bibliographiques
Auteur principal: Linhart, Zdeněk
Autres auteurs: Pexová, Tereza
Format: Chapitre de livre
Langue:tchèque
Sujets:
Tags: Ajouter un tag
Pas de tags, Soyez le premier à ajouter un tag!

MARC

LEADER 00000nla a2200000 4500
001 0243011
005 20220818113932.8
041 0 |a cze 
044 |a CZ 
245 1 0 |a Test obratu postoje diváka vlivem právě shlédnuté reklamy  |c Zdeněk Linhart, Tereza Pexová 
520 |a Charakteristika pojmu reklama. Metódy obratu postoja poučnými a rušivými reklamami. Meranie pocitov postojov k reklamným kampaniam. 
610 2 0 |a spotrebitelia 
610 2 0 |a spoty reklamné 
610 2 0 |a reklama 
610 2 0 |a postoje 
610 2 0 |a rozhodovanie skupinové 
610 2 0 |a kampane reklamné 
100 1 |a Linhart, Zdeněk 
700 1 |a Pexová, Tereza